Ofrenda a una masacre: claves e indicios históricos de la emancipación pampina de 1907
Zapisane w:
| 1. autor: | |
|---|---|
| Format: | Książka |
| Język: | hiszpański |
| Wydane: |
Santiago
Lom
2007
|
| Wydanie: | 1a. ed |
| Seria: | Historia
|
| Hasła przedmiotowe: | |
| Etykiety: |
Dodaj etykietę
Nie ma etykietki, Dołącz pierwszą etykiete!
|
MARC
| LEADER | 00000nam a2200000 a 4500 | ||
|---|---|---|---|
| 001 | UCI6566 | ||
| 003 | CL-VaPUC | ||
| 008 | 080516e20070000CL |||||||||||||||||spa|d | ||
| 020 | |a 9789562829335 | ||
| 082 | 0 | 4 | |a 364.15240983 |b GON |2 21 |
| 100 | |a González Miranda, Sergio Alberto |e autor |9 538169 | ||
| 245 | 1 | 0 | |a Ofrenda a una masacre: claves e indicios históricos de la emancipación pampina de 1907 |
| 250 | |a 1a. ed | ||
| 300 | |a 348 p | ||
| 942 | |c BK | ||
| 945 | |d 20080516 00:00:00 |a rbrito | ||
| 260 | |a Santiago |b Lom |c 2007 | ||
| 500 | |a TRABAJADORES DEL SALITRE | ||
| 500 | |a SALITRE | ||
| 500 | |a INDUSTRIA DEL SALITRE | ||
| 500 | |a OBREROS | ||
| 500 | |a HUELGAS | ||
| 500 | |a ASESINATO | ||
| 600 | 0 | 7 | |a IQUIQUE |2 CL-VaPUC |9 529479 |
| 650 | 7 | |a ESCUELA DE SANTA MARIA |2 CL-VaPUC |9 529480 | |
| 651 | 7 | |a CHILE |2 CL-VaPUC |9 529481 | |
| 583 | |a last modification |c 20080516 00:00:00 |k Rodrigo Vera | ||
| 490 | 0 | |a Historia | |
| 999 | |c 330031 |d 330029 | ||
| 952 | |0 0 |1 0 |4 0 |6 364_152409830000000_GON_2007 |7 0 |8 A |9 415307 |a BIBHIS |b BIBHIS |d 2019-11-22 |i 4439570 |o 364.15240983 GON 2007 |p 4439570 |r 2025-01-20 |w 2019-11-22 |y BK |k HIS | ||
| 952 | |0 0 |1 0 |4 0 |6 364_152409830000000_GON_2007 |7 0 |8 X |9 415308 |a FDOBUD |b FDOBUD |d 2019-11-22 |i 4556690 |o 364.15240983 GON 2007 |p 4556690 |r 2019-11-22 |w 2019-11-22 |y BK_X |k BUD | ||